000 00711nam a22001817a 4500
005 20240802142359.0
010 _aENG-141150
020 _c350.00
_a9789391399726
035 _aEN-124682
037 _bDBAD
082 _a280
100 _aMathias, Bishop Gerald John
_969317
245 _aGleanings:
_bMorality, Synodality, Sprituality Magisterium/
_cBy Bishop Gerald John Mathias
260 _aBengaluru
_bATC Publishers
270 _bBengaluru
_aSt Mary's Block, Archdiocean Pastoral Centre No 5, Nandidunga Road, Benson Town Jayamahal Extension
_e560046
_k+91-80-25191999
_k7090100444
_k+91-80-25192999
_madmin@atcpublishers.com
300 _a247p.
_c21cm(pbk)
942 _2ddc
_cEN
_h280
_mMAT
999 _c204748
_d204748